Allgemeinwissen Teil 3 - Statistiken

Allgemein
  • Dieses Quiz wurde 462 mal gespielt
  • Das Durchschnittsergebnis liegt bei 8 aus 15
Antwortstatistiken
Frage Antwort % Korrekt
Wie hoch ist die Mehrwertsteuer in Deutschland? 19%
97%
Wie viele Oscars gewann der Film Titanic? 11
89%
Wie heißt der virtuelle Assistent von Apple? Siri
77%
Wie heißt Rewes bekannteste Eigenmarke? ja!
73%
Woraus bestehen Diamanten? Kohlenstoff
70%
In welchem Jahr wurde Queen Elizabeth II. gekrönt? 1953
57%
Welche Flagge eines Landes ist die einzige nicht viereckige? Nepal
55%
Wie heißt der ägyptische Sonnengott? Ra
54%
Aus welcher Stadt kommt der Rattenfänger aus der Sage? Hameln
50%
Aus wie viel Prozent Stickstoff besteht die Luft? 78
42%
Wie heißt der Schauspieler von Deadpool? Ryan Reynolds
36%
Was ist das dünn besiedelste Land der Welt? Mongolei
32%
Und was ist das am dichtesten besiedelte Land der Welt? Monaco
30%
Welcher Fußballverein war der Meister der Saison 2022/23 in der italienischen Serie A? SSC Neapel
25%
Wie hoch ist der Eiffelturm? (in m) 300
19%
Keine übereinstimmenden Quizze gefunden
Verteilung der Resultate
Anzahl Personen mit jedem Resultat
Perzentil nach korrekt beantworteten Fragen
Ihre Resultats-Entwicklung
Sie haben dieses Quiz noch nicht gespielt